Xerox Corp.

Xerox Corporation - jedna z najznámejších a najkreatívnejších amerických spoločností. Pohľad do histórie spoločnosti. Cesta k automatickému kopírovaniu. Od vzostupu na pokraj pádu. Benchmarking - jeden z najefektívnejších nástrojov na zvyšovanie výkonnosti podniku. Učiaci sa podnik. Osobnosti Xerox...

Ausführliche Beschreibung

Gespeichert in:
Bibliographische Detailangaben
1. Verfasser: Kapoun, Jan
Format: Buchkapitel
Sprache:Tschechisch
Schlagworte:
Tags: Tag hinzufügen
Keine Tags, Fügen Sie das erste Tag hinzu!

MARC

LEADER 00000naa a2200000 4500
001 0147568
005 20231211073322.9
041 0 |a cze 
044 |a CZ 
245 1 0 |a Xerox Corp.  |c Jan Kapoun 
520 |a Xerox Corporation - jedna z najznámejších a najkreatívnejších amerických spoločností. Pohľad do histórie spoločnosti. Cesta k automatickému kopírovaniu. Od vzostupu na pokraj pádu. Benchmarking - jeden z najefektívnejších nástrojov na zvyšovanie výkonnosti podniku. Učiaci sa podnik. Osobnosti Xerox Corporation. 
610 2 0 |a firmy 
610 2 0 |a konkurencieschopnosť 
610 2 0 |a metódy riadenia 
610 2 0 |a benchmarking 
610 2 0 |a výkonnosť 
610 2 0 |a technológie nové 
610 2 0 |a výroba 
100 1 |a Kapoun, Jan